000 00650nam a22002177a 4500
003 UA-OsUOA
001 120715
007 ta
008 20170209b un ||||| |||| 00| 0 ukr d
100 _aБуйда К.
090 _a330(477)
_bБ90
942 _cSA
040 _aUA-OsUOA
_bukr
_cUA-OsUOA
_dUA-OsUOA
245 _aПроактивне управління кредитними ризиками в банківській системі України
300 _aС.18-22
955 _a0
041 _aukr
080 _a330(477)
773 0 _w120713
_tЕкономіст
_dК.
_d2016
_g12
650 7 _a330 Економіка взагалі
_2UDC
999 _c406725
_d406725